[Event "Catalunya-chT Gp2"]
[Site "Barcelona"]
[Date "2023.02.04"]
[Round "3.10"]
[White "Chiva Perez, Ferran"]
[Black "Terry Cuellar, Luis Antonio"]
[Result "0-1"]
[WhiteElo "2011"]
[BlackElo "2110"]
[PlyCount "58"]
[EventDate "2023.01.21"]
[EventType "team-tourn"]
[EventRounds "7"]
[EventCountry "ESP"]
[SourceTitle "CBM 213 Extra"]
[Source "ChessBase"]
[SourceDate "2023.05.31"]
[SourceVersion "1"]
[SourceVersionDate "2023.05.31"]
[SourceQuality "1"]
[WhiteTeam "Sant Andreu"]
[BlackTeam "Olot"]
[WhiteTeamCountry "ESP"]
[BlackTeamCountry "ESP"]

1. d4 Nf6 2. Bg5 Ne4 3. Bf4 c5 4. f3 Qa5+ 5. c3 Nf6 6. d5 Qb6 7. Bc1 d6 8. Na3 g6 9. e4 Bg7 10. Bd3 0-0 11. Ne2 e6 12. Nc4 Qd8 13. dxe6 fxe6 14. e5 dxe5 15. 0-0 Qc7 16. Ng3 b5 17. Nd2 Nd5 18. Nde4 c4 19. Bc2 Bb7 20. h4 Nd7 21. h5 Rfd8 22. hxg6 hxg6 23. Ng5 Nf8 24. Qe1 Nf4 25. Be4 Bd5 26. Be3 Qe7 27. Bxd5 Nd3 28. Bxe6+ Nxe6 29. Qd2 Ndf4 0-1

[Event "La Pobla de Lillet op-A"]
[Site "La Pobla de Lillet"]
[Date "2022.08.08"]
[Round "7"]
[White "Chiva Perez, Ferran"]
[Black "Garcia Escoda, Marc"]
[Result "0-1"]
[WhiteElo "1884"]
[BlackElo "2130"]
[PlyCount "78"]
[EventDate "2022.08.02"]
[EventType "swiss"]
[EventRounds "9"]
[EventCountry "ESP"]
[SourceTitle "CBM 209 Extra"]
[Source "ChessBase"]
[SourceDate "2022.09.30"]
[SourceVersion "1"]
[SourceVersionDate "2022.09.30"]
[SourceQuality "1"]

1. d4 d6 2. e4 c6 3. Nf3 Nd7 4. Be2 e5 5. c4 Ngf6 6. Nc3 Be7 7. 0-0 0-0 8. Qc2 Qc7 9. h3 a6 10. a4 a5 11. Rd1 exd4 12. Nxd4 Re8 13. Be3 Bf8 14. Nb3 b6 15. Rd2 Ba6 16. f4 Nc5 17. Nxc5 bxc5 18. Rad1 Rab8 19. Bf2 Be7 20. b3 Rb4 21. Bf3 Reb8 22. Rb1 Nd7 23. Na2 R4b7 24. Rdd1 Nf8 25. Nc1 Ne6 26. Ne2 Bf6 27. Be1 Nd4 28. Nxd4 cxd4 29. Bf2 c5 30. e5 dxe5 31. fxe5 Bxe5 32. Bxb7 Bxb7 33. Re1 Qc6 34. Bh4 d3 35. Qa2 Bc3 36. Red1 Qe4 37. Bg3 d2 38. Rxd2 Bxd2 39. Qxd2 Qxb1+ 0-1

[Event "Barcelona Sant Marti op-A 22nd"]
[Site "Barcelona"]
[Date "2022.07.19"]
[Round "7"]
[White "Dembele, Marcel"]
[Black "Chiva Perez, Ferran"]
[Result "0-1"]
[WhiteElo "1691"]
[BlackElo "1899"]
[PlyCount "34"]
[EventDate "2022.07.13"]
[EventType "swiss"]
[EventRounds "9"]
[EventCountry "ESP"]
[SourceTitle "CBM 209 Extra"]
[Source "ChessBase"]
[SourceDate "2022.09.30"]
[SourceVersion "1"]
[SourceVersionDate "2022.09.30"]
[SourceQuality "1"]

1. e4 c5 2. Nf3 g6 3. d4 cxd4 4. Nxd4 Nc6 5. c4 Bg7 6. Be3 Qb6 7. Nf5 Qxb2 8. Nxg7+ Qxg7 9. Bd2 Qxa1 10. Bc3 Qxa2 11. Bxh8 f6 12. h4 Qa5+ 13. Nd2 d6 14. Qb3 Bd7 15. c5 0-0-0 16. Bc4 Qa1+ 17. Ke2 Nd4+ 0-1

[Event "Barcelona Sant Marti op-A 22nd"]
[Site "Barcelona"]
[Date "2022.07.14"]
[Round "2"]
[White "Chiva Perez, Ferran"]
[Black "Romero Gamez, Francisco Javier"]
[Result "1-0"]
[WhiteElo "1899"]
[BlackElo "1455"]
[PlyCount "133"]
[EventDate "2022.07.13"]
[EventType "swiss"]
[EventRounds "9"]
[EventCountry "ESP"]
[SourceTitle "CBM 209 Extra"]
[Source "ChessBase"]
[SourceDate "2022.09.30"]
[SourceVersion "1"]
[SourceVersionDate "2022.09.30"]
[SourceQuality "1"]

1. d4 Nf6 2. c4 e6 3. g3 c5 4. d5 exd5 5. cxd5 d6 6. Nc3 Bd7 7. a4 Be7 8. Nf3 0-0 9. Bg2 Bg4 10. 0-0 Qd7 11. Re1 Re8 12. e4 Bf8 13. Bf4 Na6 14. Qd2 Bh3 15. Bh1 Ng4 16. Ng5 Ne5 17. Nxh3 Qxh3 18. Bxe5 Rxe5 19. f4 Rh5 20. Bf3 Rh6 21. Rad1 c4 22. Qe2 f5 23. exf5 Qxf5 24. Qxc4 Rc8 25. Qe2 Rc7 26. Qf2 b6 27. Re2 Nc5 28. b4 Nd3 29. Qd4 Ne5 30. Be4 Qh5 31. Rdd2 Rc4 32. Qe3 Rxe4 33. Nxe4 Nf3+ 34. Kh1 Nxd2 35. Rxd2 Qh3 36. Kg1 Qd7 37. a5 bxa5 38. bxa5 Qa4 39. Nc3 Qxa5 40. Ra2 Qd8 41. Rxa7 Qf6 42. Ne4 Qf5 43. Qd4 Qh3 44. Ra2 Qg4 45. Kg2 Qh3+ 46. Kg1 Qg4 47. Qe3 Qd1+ 48. Kg2 Qg4 49. Rd2 Qh3+ 50. Kg1 Qf5 51. Ng5 Qb1+ 52. Kg2 Qf5 53. Ne6 Rg6 54. Nxf8 Qxf8 55. Re2 Rf6 56. Qe8 Qxe8 57. Rxe8+ Kf7 58. Ra8 h5 59. Ra7+ Kg6 60. Kf3 Rf5 61. Ke4 Rf6 62. h3 Kh6 63. Rd7 g5 64. f5 g4 65. h4 Rf8 66. Rxd6+ Kg7 67. Kf4 1-0

[Event "Hospitalet de Llobregat Ponce 11th"]
[Site "Hospitalet de Llobregat"]
[Date "2022.06.18"]
[Round "9"]
[White "Chiva Perez, Ferran"]
[Black "Nadal Fajardo, Ricard"]
[Result "1/2-1/2"]
[WhiteElo "1604"]
[BlackElo "1995"]
[PlyCount "55"]
[EventDate "2022.04.23"]
[EventType "swiss"]
[EventRounds "9"]
[EventCountry "ESP"]
[SourceTitle "EXT 2023"]
[Source "ChessBase"]
[SourceDate "2022.10.05"]
[SourceVersion "1"]
[SourceVersionDate "2022.10.05"]
[SourceQuality "1"]

1. d4 c6 2. c4 d5 3. cxd5 cxd5 4. Bf4 Nc6 5. Nc3 Nf6 6. e3 a6 7. Bd3 g6 8. h3 Bf5 9. Bxf5 gxf5 10. Nf3 e6 11. 0-0 Bd6 12. Ne5 Qc7 13. Rc1 Nd7 14. Nd3 Rc8 15. a3 Bxf4 16. Nxf4 Qd6 17. Na4 0-0 18. Nc5 Nxc5 19. Rxc5 Ne7 20. Nd3 Qb6 21. Rxc8 Rxc8 22. Qd2 f6 23. f4 Rc4 24. Rc1 Qc7 25. b3 Rxc1+ 26. Qxc1 Qxc1+ 27. Nxc1 Nc6 28. Nd3 1/2-1/2

[Event "Hospitalet de Llobregat Ponce 11th"]
[Site "Hospitalet de Llobregat"]
[Date "2022.06.04"]
[Round "7"]
[White "Chiva Perez, Ferran"]
[Black "Munoz Lozano, Jorge Manuel"]
[Result "1-0"]
[WhiteElo "1604"]
[BlackElo "1777"]
[PlyCount "93"]
[EventDate "2022.04.23"]
[EventType "swiss"]
[EventRounds "9"]
[EventCountry "ESP"]
[SourceTitle "EXT 2023"]
[Source "ChessBase"]
[SourceDate "2022.10.05"]
[SourceVersion "1"]
[SourceVersionDate "2022.10.05"]
[SourceQuality "1"]

1. d4 Nf6 2. c4 g6 3. Nf3 Bg7 4. g3 d6 5. Bg2 0-0 6. 0-0 Nbd7 7. Nc3 e5 8. e4 Re8 9. d5 Nc5 10. Re1 a5 11. b3 Nh5 12. a3 Qe7 13. Rb1 f5 14. b4 axb4 15. axb4 Nxe4 16. Nxe4 fxe4 17. Ng5 Nf6 18. Nxe4 Nxe4 19. Bxe4 b6 20. Be3 Bf5 21. Qc2 Rf8 22. Rec1 Bxe4 23. Qxe4 Qf7 24. c5 bxc5 25. bxc5 Rfb8 26. Rxb8+ Rxb8 27. cxd6 cxd6 28. Rc6 Bf8 29. Bb6 Qd7 30. Kg2 Rb7 31. h4 Qf7 32. Qf3 Qf5 33. Qxf5 gxf5 34. Bc7 Rb5 35. Bxd6 Rxd5 36. Bxf8 Kxf8 37. Rf6+ Kg7 38. Rxf5 Kg6 39. Rf8 h5 40. Rg8+ Kh6 41. Rg5 Ra5 42. Kf3 e4+ 43. Kxe4 Rxg5 44. hxg5+ Kxg5 45. f4+ Kf6 46. f5 Ke7 47. Ke5 1-0

[Event "Hospitalet de Llobregat Ponce 11th"]
[Site "Hospitalet de Llobregat"]
[Date "2022.05.07"]
[Round "3"]
[White "Chiva Perez, Ferran"]
[Black "Rodriguez Regull, German"]
[Result "0-1"]
[WhiteElo "1604"]
[BlackElo "1846"]
[PlyCount "74"]
[EventDate "2022.04.23"]
[EventType "swiss"]
[EventRounds "9"]
[EventCountry "ESP"]
[SourceTitle "EXT 2023"]
[Source "ChessBase"]
[SourceDate "2022.10.05"]
[SourceVersion "1"]
[SourceVersionDate "2022.10.05"]
[SourceQuality "1"]

1. d4 d5 2. c4 e6 3. Nc3 f5 4. a3 Nf6 5. Bf4 Bd6 6. e3 0-0 7. Nf3 c6 8. Bd3 Ne4 9. 0-0 Be7 10. h3 Nd7 11. Qc2 Ndf6 12. Ne2 Qe8 13. Ne5 g5 14. Bh2 Qh5 15. f3 Nd6 16. c5 Nf7 17. e4 f4 18. Nxf7 Rxf7 19. e5 Ne8 20. b4 Bd7 21. a4 Ng7 22. Rfb1 Nf5 23. b5 Ne3 24. Qc1 Qh6 25. a5 Rff8 26. a6 Rfb8 27. b6 axb6 28. Rxb6 bxa6 29. Raxa6 Qf8 30. Qb1 Rxb6 31. Bxh7+ Kh8 32. Rxb6 Nc4 33. Bd3 Bxc5 34. Rb7 Bxd4+ 35. Kh1 Qc8 36. Rb4 Ne3 37. Rxd4 c5 0-1

[Event "Canovelles op"]
[Site "Canovelles"]
[Date "2021.12.27"]
[Round "1"]
[White "Chiva Perez, Ferran"]
[Black "Perez Mitjans, Orelvis"]
[Result "0-1"]
[WhiteElo "1602"]
[BlackElo "2425"]
[PlyCount "92"]
[EventDate "2021.12.27"]
[EventType "swiss"]
[EventRounds "7"]
[EventCountry "ESP"]
[SourceTitle "CBM 206 Extra"]
[Source "ChessBase"]
[SourceDate "2022.03.31"]
[SourceVersion "1"]
[SourceVersionDate "2022.03.31"]
[SourceQuality "1"]

1. d4 d5 2. c4 Nc6 3. Nf3 Bg4 4. e3 e6 5. Nc3 Nf6 6. Be2 Bb4 7. 0-0 0-0 8. h3 Bh5 9. a3 Bxc3 10. bxc3 Ne4 11. Qc2 Bg6 12. Bd3 Nd6 13. cxd5 exd5 14. Bxg6 hxg6 15. Qb3 Ne7 16. Nd2 c6 17. c4 Qd7 18. Re1 Ndf5 19. Bb2 Rfd8 20. Rad1 b5 21. cxb5 cxb5 22. e4 dxe4 23. Nxe4 Nd5 24. Nc5 Qc6 25. Rc1 Qb6 26. Re5 Nf6 27. Ne4 Nxe4 28. Rxe4 Nd6 29. Re5 Rab8 30. Rcc5 a6 31. Re7 Rb7 32. Rxb7 Qxb7 33. Bc3 Ne4 34. Re5 Qc6 35. Re7 Nd6 36. Bb4 Qc1+ 37. Kh2 Qf4+ 38. Kg1 Nc4 39. Bc5 Rd5 40. Re8+ Kh7 41. a4 Qc1+ 42. Kh2 Nd2 43. Qb4 Nf3+ 44. Kg3 Nh4 45. Re3 Nf5+ 46. Kh2 Nxe3 0-1

[Event "Sant Andreu Tram-D"]
[Site "Barcelona"]
[Date "2019.11.16"]
[Round "8.2"]
[White "Asenjo Rodriguez, Cristian"]
[Black "Chiva Perez, Ferran"]
[Result "1/2-1/2"]
[WhiteElo "1538"]
[BlackElo "1194"]
[PlyCount "105"]
[EventDate "2019.09.14"]
[EventType "tourn"]
[EventRounds "9"]
[EventCountry "ESP"]
[SourceTitle "EXT 2024"]
[Source "ChessBase"]
[SourceDate "2023.10.10"]
[SourceVersion "1"]
[SourceVersionDate "2023.10.10"]
[SourceQuality "1"]

1. b3 Nf6 2. Bb2 g6 3. g3 Bg7 4. Bg2 0-0 5. Nf3 c5 6. d4 cxd4 7. Nxd4 Nc6 8. Nxc6 dxc6 9. 0-0 Bf5 10. Nd2 Qc7 11. e4 Be6 12. h3 Rad8 13. Rb1 Bxh3 14. Bxf6 Bxf6 15. Bxh3 Bc3 16. Qf3 Bxd2 17. Rbd1 Bh6 18. Rxd8 Rxd8 19. Rd1 Bg7 20. c4 Qb6 21. Rxd8+ Qxd8 22. Kg2 Qd2 23. a4 Qc3 24. Qxc3 Bxc3 25. f3 Kg7 26. Kf2 Bd4+ 27. Ke2 c5 28. Bc8 b6 29. Bb7 e5 30. Bd5 g5 31. g4 Kg6 32. Kf1 f6 33. Kg2 h5 34. Be6 h4 35. Bf5+ Kf7 36. Bc8 Ke7 37. Bb7 Kd6 38. Bd5 Kc7 39. Kh3 a6 40. Kg2 b5 41. Kh3 bxa4 42. bxa4 Kb6 43. Kg2 Ka5 44. Bb7 Kxa4 45. Bxa6 Kb4 46. Bb5 Kc3 47. Ba6 Kd3 48. Bb5 Ke2 49. Bd7 h3+ 50. Kxh3 Kxf3 51. Bf5 Bg1 52. Bg6 Be3 53. Bf5 1/2-1/2

[Event "Sant Andreu Tram-D"]
[Site "Barcelona"]
[Date "2019.11.09"]
[Round "7.5"]
[White "Chiva Perez, Ferran"]
[Black "Chiva Perez, Jordi"]
[Result "1-0"]
[WhiteElo "1194"]
[BlackElo "1182"]
[PlyCount "69"]
[EventDate "2019.09.14"]
[EventType "tourn"]
[EventRounds "9"]
[EventCountry "ESP"]
[SourceTitle "EXT 2024"]
[Source "ChessBase"]
[SourceDate "2023.10.10"]
[SourceVersion "1"]
[SourceVersionDate "2023.10.10"]
[SourceQuality "1"]

1. Nf3 Nf6 2. c4 c5 3. g3 g6 4. Bg2 Bg7 5. Nc3 Nc6 6. 0-0 0-0 7. d4 cxd4 8. Nxd4 Qc7 9. Nc2 d6 10. b3 Bf5 11. Bb2 Rfd8 12. Ne3 Be6 13. Qc2 Nb4 14. Qd2 Bh6 15. Nb5 Qc5 16. Bd4 Qh5 17. Bxf6 exf6 18. Qxb4 Bxe3 19. fxe3 Qxe2 20. Qe1 Qb2 21. Qf2 Qe5 22. Qf4 Qc5 23. Qd4 Qg5 24. Bxb7 Rab8 25. Bg2 h5 26. Rf2 d5 27. Qf4 Qxf4 28. Rxf4 dxc4 29. bxc4 g5 30. Rxf6 Bxc4 31. Nd6 Kg7 32. Rf5 Kg6 33. Be4 Kh6 34. Nxf7+ Kg7 35. Nxd8 1-0

[Event "Sant Andreu Tram-D"]
[Site "Barcelona"]
[Date "2019.09.14"]
[Round "1.3"]
[White "Fontela Hidalgo, Victor"]
[Black "Chiva Perez, Ferran"]
[Result "0-1"]
[WhiteElo "1562"]
[BlackElo "1194"]
[PlyCount "58"]
[EventDate "2019.09.14"]
[EventType "tourn"]
[EventRounds "9"]
[EventCountry "ESP"]
[SourceTitle "EXT 2024"]
[Source "ChessBase"]
[SourceDate "2023.10.10"]
[SourceVersion "1"]
[SourceVersionDate "2023.10.10"]
[SourceQuality "1"]

1. e4 e6 2. d4 d5 3. e5 c5 4. c3 Nc6 5. Nf3 Qb6 6. Bd3 Bd7 7. 0-0 cxd4 8. cxd4 Nxd4 9. Be3 Nxf3+ 10. Qxf3 Qxb2 11. Nd2 Qxe5 12. Bf4 Qf6 13. Rfe1 Ne7 14. Qg3 Nf5 15. Qh3 Bd6 16. Bxd6 Nxd6 17. Nf3 Kd8 18. Qg3 Qe7 19. Qxg7 Qf8 20. Qf6+ Ke8 21. Ng5 Rg8 22. Nxh7 Qg7 23. Qf3 Ne4 24. Bxe4 dxe4 25. Qxe4 Bc6 26. Nf6+ Qxf6 27. Qe3 Rxg2+ 28. Kf1 Qf3 29. Rac1 Rg1+ 0-1